00000000nam 2200000zi 4500
0019.945304
003CaOODSP
00520241119134427
006m     o  d f      
007cr |n|||||||||
008241119e197712##qucbd   ob   f000 0 fre d
040 |aCaOODSP|bfre|erda|cCaOODSP
043 |an-cn-qu
0861 |aEn153-119/7F-PDF
1001 |aSloterdijk, Harm, |eauteur.
24510|aAccumulation des métaux lourds et des composés organochlorés dans la chair des poissons du fleuve Saint-Laurent / |cHarm Sloterdijk.
264 1|a[Québec] : |b[Pêches et Environnement Canada], |cDécembre 1977.
300 |a1 ressource en ligne (181 pages) : |bcartes, graphiques.
336 |atexte|btxt|2rdacontent/fre
337 |ainformatique|bc|2rdamedia/fre
338 |aressource en ligne|bcr|2rdacarrier/fre
4901 |aRapport technique ; |vNo. 7
500 |aÉdition numérisée de l’imprimé [par Environnement et Changement climatique Canada].
500 |a« Rapport soumis au Comité d'étude sur le fleuve Saint-Laurent par le Ministère du tourisme, de la chasse et de la pêche. »
504 |aComprend des références bibliographiques (pages 171-181).
520 |a« Les concentrations des métaux lourds et des composés organochlorés furent déterminées dans la chair des poissons (achigan à petite bouche, barbotte brune, crapet-soleil, doré jaune, esturgeon de lac, grand brochet, meunier noir, perchaude et quelques autres espèces) capturés en 1975 et 1976 entre Cornwall et Québec »--Résumé.
650 6|aPoissons|xEffets de la pollution de l'eau sur|zSaint-Laurent (Fleuve)
650 6|aComposés organochlorés|xAspect de l'environnement.
650 6|aÉléments traces métalliques|xAnalyse.
650 0|aFishes|xEffect of water pollution on|zSaint Lawrence River.
650 0|aOrganochlorine compounds|xEnvironmental aspects.
650 0|aHeavy metals|xAnalysis.
7102 |aComité d'étude sur le fleuve Saint-Laurent (Canada), |eorganisme de publication.
7101 |aCanada. |bPêches et environnement Canada, |eorganisme de publication.
7101 |aQuébec (Province).‏|bMinistère du tourisme, chasse et pêche, |eorganisme de publication.
830#0|aRapport technique (Comité d'étude sur le fleuve Saint-Laurent (Canada))|vNo. 7.|w(CaOODSP)9.939021
85640|qPDF|s4424 Ko|uhttps://publications.gc.ca/collections/collection_2024/eccc/en153/En153-119-7-fra.pdf